=LDR 00000nam 2200000 4500 =001 INLIS000000000013787 =005 20130612105126 =008 ***********************************Ind** =035 ##$$a0010-061300000013787 =041 ##$$a Ind =082 ##$$a 658.15 =090 ##$$a 658.15; Sin m =100 ##$$a Sinungan, Muhdarsah =245 ##$$a Manajemen dana Bank, Drs.Muchdarsyah Sinungan =260 ##$$a 2000 $b Jakarta =300 ##$$a 317 hlm, 21 cm =650 ##$$a Manajemen keuangan =850 ##$$a NBPNMAT =990 ##$$a 93969/BPAP-NTB/2014 =990 ##$$a 0001/BPAP-NTB/20142014 =990 ##$$a 0001/BPAP-NTB/20142014